000
00470nam a2200169Ia 4500
008
090711s9999 xx 000 0 und d
082
_b
70081
100
_a
प्रभावळकर दिलीप
245
_a
गुगली
260
_c
1992
300
_a
142
600
_a
प्रभावळकर दिलीप
630
_a
गुगली
700
_a
प्रभावळकर दिलीप
730
_a
गुगली
942
_c
BOOK
999
_c
320327
_d
320327